000 00328nam a2200157Ia 4500
003 Ost
005 20260225132542.0
008 260225s9999||||xx |||||||||||||| ||und||
040 _cfsic
041 _afre
082 _a973.914
100 _aMare Ferro
_eAuteur
245 0 _aSuez /
245 0 _cMare Ferro
942 _cكتاب
999 _c33560
_d33560